LEADER 01041nam a2200253 i 4500 001 991000937129707536 005 20020507180156.0 008 951107s1993 ||| ||| | ita 035 $ab10778172-39ule_inst 035 $aLE01304564$9ExL 040 $aDip.to Matematica$beng 082 0 $a516.02 084 $aAMS 51M05 100 1 $aMangia, Maria Pia$0535529 245 10$aGeometria euclidea nell'assiomatica di R. Brisac. Tesi di laurea /$claureanda Maria Pia Mangia ; relat. Giuseppe Micelli 260 $aLecce :$bUniversità degli studi. Facoltà di Scienze. Corso di laurea in Matematica,$ca.a. 1993-94 650 4$aEuclidean geometries 700 1 $aMicelli, Giuseppe 907 $a.b10778172$b02-04-14$c28-06-02 912 $a991000937129707536 945 $aLE013 TES 1993/94 MAN1$g1$i2013000041902$lle013$o-$pE0.00$q-$rl$s- $t0$u0$v0$w0$x0$y.i10877411$z28-06-02 996 $aGeometria euclidea nell'assiomatica di R. Brisac. Tesi di laurea$9921750 997 $aUNISALENTO 998 $ale013$b01-01-95$cm$da $e-$feng$gxx $h0$i1 LEADER 01670nas 2200529-a 450 001 9910139666003321 005 20240413021138.0 035 $a(CKB)954928466013 035 $a(CONSER)sn-84005224- 035 $a(EXLCZ)99954928466013 100 $a20790511b19651992 --- a 101 0 $aeng 181 $ctxt$2rdacontent 182 $cc$2rdamedia 183 $acr$2rdacarrier 200 00$aActa entomologica Bohemoslovaca /$fCzechoslovak Academy of Sciences 210 $aPraha $cPub. House of the Academy$d1965-©1992 215 $a1 online resource 300 $aTitle from cover. 311 08$aPrint version: Acta entomologica Bohemoslovaca / 0001-5601 (DLC)sn 84005224 (OCoLC)4952288 517 1 $aActa entomol. Bohemoslov. 531 $aACTA ENTOMOL BOHEMOS 531 1 $aActa entomol. bohemoslov. 606 $aInsects$vPeriodicals 606 $aEntomology$vPeriodicals 606 $aEntomology 606 $aInsectes$vPériodiques 606 $aEntomologie$vPériodiques 606 $aEntomology$2fast$3(OCoLC)fst00912735 606 $aInsects$2fast$3(OCoLC)fst00974074 608 $aPeriodical. 608 $aPeriodicals.$2fast 615 0$aInsects 615 0$aEntomology 615 2$aEntomology. 615 6$aInsectes 615 6$aEntomologie 615 7$aEntomology. 615 7$aInsects. 676 $a595.7005 712 02$aEntomologicky? u?stav (C?eskoslovenska? akademie ve?d) 712 02$aC?eskoslovenska? spolec?nost entomologicka?. 906 $aJOURNAL 912 $a9910139666003321 920 $aexl_impl conversion 996 $aActa entomologica Bohemoslovaca$9802219 997 $aUNINA